150 Most Popular Baby Girl Names Starting with O (2020) - Statistics

General Stats
  • This quiz has been taken 4,729 times
    4,511 since last reset
  • The average score is 45 of 155
Answer Stats
Name % Correct
Olea
99%
Oli
99%
Ollie
99%
Olivea
98%
Olivia
98%
Oliviah
98%
Olivya
98%
Olyvia
98%
Olive
92%
Ori
74%
Ofelia
71%
Ophelia
71%
Ovelia
71%
Ola
67%
Ora
65%
Orah
65%
Oni
61%
Ona
59%
Onna
59%
Opal
56%
Orla
56%
Orlaith
56%
Orion
55%
Oraya
54%
Oriah
54%
Oriya
54%
Oriyah
54%
Olga
51%
Odette
49%
Ocean
47%
Oceane
47%
Oceann
47%
Orin
47%
Ova
46%
Olena
42%
Olenna
42%
Olina
42%
Octavia
41%
Octayvia
41%
Oktavia
41%
Oriana
41%
Orianna
41%
Odessa
40%
Oaklea
39%
Oaklee
39%
Oaklei
39%
Oakleigh
39%
Oakley
39%
Oakli
39%
Oaklie
39%
Oona
39%
Oonagh
39%
Owen
39%
Owyn
39%
Oliver
38%
Olivier
38%
Omi
38%
Ovee
33%
Ovi
33%
Ozzie
32%
Ozzy
32%
Onyx
31%
Onyxx
31%
Oaklen
28%
Oaklin
28%
Oaklinn
28%
Oaklyn
28%
Oaklynn
28%
Oaklynne
28%
Olana
28%
Olanna
28%
Oniyah
28%
Onya
28%
Oliana
27%
Orli
27%
Orly
27%
Oceana
26%
Oceanna
26%
Omara
26%
Oksana
22%
Ottilie
22%
October
21%
Odelia
21%
Odilia
21%
Oliva
21%
Olimpia
20%
Olympia
20%
Omari
20%
Omaya
19%
Oliviana
17%
Olivianna
17%
Ohana
15%
Ohanna
15%
Omani
15%
Oralia
15%
Odella
14%
Olivet
14%
Olivette
14%
Orchid
14%
Odyssey
13%
Omelia
13%
Oakland
12%
Omega
12%
Otilia
12%
Ottilia
12%
Oasis
10%
Olani
10%
Olivia-Rose
10%
Onora
10%
Olaya
9%
Olsen
9%
Osiris
9%
Omaria
8%
Omni
8%
Onika
8%
Oshun
8%
Olivia-Mae
7%
Olivine
7%
Ornella
7%
Olivia-Grace
6%
O'Shea
6%
Odalis
5%
Odalys
5%
Onesti
5%
Oracle
5%
Olori
4%
Onalee
4%
Odeya
3%
Oliwia
3%
Oluwadarasimi
3%
Ostara
3%
Oumou
3%
Ozlyn
3%
Ozlynn
3%
Olamide
2%
Oluwatoni
2%
Omnia
2%
Ophira
2%
Oswin
2%
Oumy
2%
Ozella
2%
Ozlem
2%
Ohemaa
1%
Oluwademilade
1%
Oluwafikayomi
1%
Oluwatamilore
1%
Orabella
1%
Oreoluwa
1%
Ojasvi
0%
Oluwadamilola
0%
Oluwalonimi
0%
Oluwanifemi
0%
Orianthi
0%
Osiyo
0%
Ozioma
0%
No matching quizzes found
Score Distribution
Percent of People with Each Score
Percentile by Number Answered
Your Score History
You have not taken this quiz since the last reset